ロード中...
Principles of database systems
| 第一著者: | |
|---|---|
| フォーマット: | Printed Book |
| 出版事項: |
NewDelhi
Galgotia publications
1991
|
| LEADER | 00380nam a2200109 4500 | ||
|---|---|---|---|
| 999 | |c 183295 |d 183295 | ||
| 082 | |a 005 |b ULI.P | ||
| 100 | |a Uliman Jeffrey, D | ||
| 245 | |a Principles of database systems |c Uliman Jeffrey, D | ||
| 260 | |a NewDelhi |c 1991 |b Galgotia publications | ||
| 942 | |c BK | ||
| 952 | |0 0 |1 0 |4 0 |6 005_000000000000000_ULI_P |7 0 |9 196651 |a GEO |b GEO |d 2020-02-13 |l 0 |o 005 ULI.P |p GEO2419 |r 2019-10-25 |y BK | ||